[Event "FIDE World Blitz-ch Women 2018"]
[Site "St. Petersburg"]
[Date "2018.12.30"]
[Round "14.38"]
[White "Guseva, Marina"]
[Black "Lelekova, Olga"]
[Result "1-0"]
[WhiteElo "2408"]
[BlackElo "2261"]
[Annotator "NA"]
[PlyCount "82"]
[EventDate "2018.12.19"]
[EventType "swiss"]
[EventCountry "RUS"]
[SourceTitle "playchess.com"]
[Source "ChessBase"]
[SourceQuality "1"]

1. d4 Nf6 2. c4 g6 3. Nc3 Bg7 4. e4 d6 5. f3 O-O 6. Nge2 e5 7. Bg5 Nbd7 8. Qd2 c6 9. Rd1 a6 10. a3 b5 11. cxb5 axb5 12. d5 c5 13. Nxb5 Qb6 14. Nec3 Ba6 15. a4 Nh5 16. Bc4 f6 17. Be3 f5 18. O-O f4 19. Bf2 g5 20. b4 Rf6 21. Rb1 Rh6 22. Rfc1 Bf8 23. Na3 Bxc4 24. Nxc4 Qd8 25. b5 g4 26. fxg4 Nhf6 27. Qe2 Rg6 28. h3 Nb6 29. Nxb6 Qxb6 30. Ra1 Ra5 31. Nb1 Be7 32. Nd2 Ra8 33. Nc4 Qb8 34. b6 Bd8 35. a5 Qb7 36. Nxd6 Qd7 37. Nf5 h5 38. gxh5 Rg5 39. Rxc5 Nxh5 40. Rc6 Ng3 41. Bxg3 fxg3 1-0

[Event "FIDE World Blitz-ch Women 2018"]
[Site "St. Petersburg"]
[Date "2018.12.30"]
[Round "14.39"]
[White "Garcia Martin, Marta"]
[Black "Savina, Anastasia"]
[Result "0-1"]
[WhiteElo "2301"]
[BlackElo "2334"]
[Annotator "NA"]
[PlyCount "125"]
[EventDate "2018.12.19"]
[EventType "swiss"]
[EventCountry "RUS"]
[SourceTitle "playchess.com"]
[Source "ChessBase"]
[SourceQuality "1"]

1. e4 c5 2. Nf3 Nc6 3. Bb5 g6 4. Bxc6 bxc6 5. O-O Bg7 6. Re1 Nh6 7. c3 f5 8. d3 O-O 9. Nbd2 d6 10. e5 Nf7 11. e6 Ne5 12. Nxe5 dxe5 13. Nb3 c4 14. dxc4 Qxd1 15. Rxd1 Bxe6 16. Na5 Kf7 17. Be3 Rfb8 18. b3 Rc8 19. Rac1 Rc7 20. Bc5 e4 21. Kf1 f4 22. Re1 Bf5 23. h3 Rd8 24. b4 Rd3 25. Bd4 Bxd4 26. cxd4 Rxd4 27. Rcd1 c5 28. bxc5 Rxd1 29. Rxd1 Rxc5 30. Rd5 Rc7 31. c5 Be6 32. Rd4 Rxc5 33. Nb3 Bxb3 34. axb3 e3 35. Rxf4+ Ke6 36. Re4+ Re5 37. Rxe3 Rxe3 38. fxe3 Ke5 39. Ke2 Ke4 40. b4 a6 41. Kd2 g5 42. Ke2 h5 43. Kd2 g4 44. hxg4 hxg4 45. Ke2 g3 46. Kd2 e6 47. Ke2 e5 48. Kd2 Kd5 49. Kd3 e4+ 50. Kc3 Kc6 51. Kc4 Kb6 52. Kd4 Kb5 53. Kxe4 Kxb4 54. Kd3 a5 55. e4 a4 56. e5 Kc5 57. e6 Kd6 58. Kc4 Kxe6 59. Kb4 Kd5 60. Kxa4 Ke4 61. Kb3 Ke3 62. Kc3 Kf2 63. Kd4 0-1

[Event "FIDE World Blitz-ch Women 2018"]
[Site "St. Petersburg"]
[Date "2018.12.30"]
[Round "14.40"]
[White "Sukhareva, Evgeniya"]
[Black "Injac, Teodora"]
[Result "1-0"]
[WhiteElo "2126"]
[BlackElo "2325"]
[Annotator "NA"]
[PlyCount "71"]
[EventDate "2018.12.19"]
[EventType "swiss"]
[EventCountry "RUS"]
[SourceTitle "playchess.com"]
[Source "ChessBase"]
[SourceQuality "1"]

1. d4 Nf6 2. c4 g6 3. Nc3 Bg7 4. e4 d6 5. f3 O-O 6. Bg5 a6 7. Qd2 c5 8. d5 b5 9. cxb5 Qa5 10. bxa6 Bxa6 11. Bxa6 Qxa6 12. Nge2 Nbd7 13. O-O Rfb8 14. Rab1 Ne8 15. h3 Ne5 16. b3 Nd3 17. a4 Nc7 18. Bxe7 f6 19. Bxd6 Qxd6 20. Qxd3 Re8 21. f4 Qb6 22. Kh1 Na6 23. Nb5 Nb4 24. Qc4 Rad8 25. d6+ Kh8 26. Nec3 Qc6 27. Rbd1 Rd7 28. Nd5 Nxd5 29. Rxd5 Rc8 30. e5 fxe5 31. fxe5 Rdd8 32. Rc1 Rf8 33. Na7 Qd7 34. Nxc8 Rxc8 35. Rxc5 Rf8 36. Rc8 1-0

[Event "FIDE World Blitz-ch Women 2018"]
[Site "St. Petersburg"]
[Date "2018.12.30"]
[Round "14.41"]
[White "Tomilova, Elena"]
[Black "Solozhenkina, Elizaveta"]
[Result "1/2-1/2"]
[WhiteElo "2338"]
[BlackElo "2258"]
[Annotator "NA"]
[PlyCount "82"]
[EventDate "2018.12.19"]
[EventType "swiss"]
[EventCountry "RUS"]
[SourceTitle "playchess.com"]
[Source "ChessBase"]
[SourceQuality "1"]

1. d4 Nf6 2. Bg5 Ne4 3. Bf4 c5 4. f3 Nf6 5. d5 Qa5+ 6. c3 Qb6 7. b3 e6 8. e4 exd5 9. exd5 d6 10. c4 Bf5 11. Nc3 Nbd7 12. Nge2 Be7 13. Ng3 Bg6 14. Bd3 O-O 15. O-O Nh5 16. Nxh5 Bxh5 17. Qc2 Bg6 18. Rae1 Rfe8 19. Re2 Bf6 20. Bxg6 hxg6 21. Ne4 Be5 22. Bg3 Nf6 23. Rfe1 Qc7 24. Bf2 Nxe4 25. Rxe4 f5 26. R4e2 Qf7 27. a3 b6 28. b4 cxb4 29. axb4 Rac8 30. Qd3 Red8 31. Bg3 Bxg3 32. hxg3 Re8 33. Qd4 Qd7 34. Re6 Rxe6 35. dxe6 Qe7 36. Qd5 Kf8 37. Rd1 Rc7 38. Qa8+ Qe8 39. Qd5 Qe7 40. Qa8+ Qe8 41. Qd5 Qe7 1/2-1/2

[Event "FIDE World Blitz-ch Women 2018"]
[Site "St. Petersburg"]
[Date "2018.12.30"]
[Round "14.42"]
[White "Ovod, Evgenija"]
[Black "Berend, Elvira"]
[Result "1-0"]
[WhiteElo "2367"]
[BlackElo "2332"]
[Annotator "NA"]
[PlyCount "177"]
[EventDate "2018.12.19"]
[EventType "swiss"]
[EventCountry "RUS"]
[SourceTitle "playchess.com"]
[Source "ChessBase"]
[SourceQuality "1"]

1. e4 c5 2. c3 d6 3. d4 Nf6 4. Bd3 g6 5. Nf3 Bg7 6. O-O O-O 7. h3 a6 8. Be3 Nbd7 9. a4 b6 10. Nbd2 Bb7 11. b4 cxb4 12. cxb4 e5 13. d5 a5 14. Qb3 axb4 15. Qxb4 Nc5 16. Bb5 Ba6 17. Rfb1 Qe7 18. Bc6 Rab8 19. a5 Bd3 20. axb6 Bxb1 21. Rxb1 Nfd7 22. b7 h6 23. Nb3 f5 24. Nxc5 Nxc5 25. Bxc5 dxc5 26. Qc4 Kh7 27. Nd2 Bf6 28. Nb3 Rxb7 29. Bxb7 Qxb7 30. exf5 gxf5 31. Qxc5 Rc8 32. Qa5 Bg5 33. d6 Bf4 34. g3 Bg5 35. Qxe5 Kg6 36. Qe6+ Bf6 37. d7 Rd8 38. Rd1 Qf3 39. Rd2 f4 40. gxf4 Qxf4 41. Re2 Qg5+ 42. Kf1 Qh4 43. Re4 Qh5 44. Rg4+ Kh7 45. Qxf6 Qb5+ 46. Kg2 Qb7+ 47. Qf3 Qxf3+ 48. Kxf3 Rxd7 49. Nd4 Ra7 50. Re4 Kg6 51. Kg4 Ra2 52. Re6+ Kg7 53. f4 Rg2+ 54. Kf5 Rh2 55. Re7+ Kf8 56. Re3 Kf7 57. Nf3 Rf2 58. Ne5+ Kf8 59. h4 Rg2 60. h5 Rh2 61. Kg6 Rg2+ 62. Kxh6 Rf2 63. Rf3 Re2 64. Kg6 Rg2+ 65. Kf5 Kg7 66. Rh3 Kh6 67. Ng4+ Kh7 68. h6 Ra2 69. Ne5 Ra5 70. Kg4 Rb5 71. Rh5 Rb1 72. f5 Rg1+ 73. Kf4 Rf1+ 74. Kg5 Re1 75. Kf6 Ra1 76. Ng4 Ra6+ 77. Kg5 Ra5 78. Nf6+ Kh8 79. Ne4 Ra4 80. Kf4 Kh7 81. f6 Ra7 82. Rf5 Kg6 83. Kg4 Rb7 84. f7 Rxf7 85. Rxf7 Kxf7 86. Kg5 Kg8 87. Kg6 Kh8 88. Ng5 Kg8 89. Nf7 1-0

[Event "FIDE World Blitz-ch Women 2018"]
[Site "St. Petersburg"]
[Date "2018.12.30"]
[Round "14.43"]
[White "Arutyunova, Diana"]
[Black "Gritsayeva, Oksana"]
[Result "0-1"]
[WhiteElo "2227"]
[BlackElo "2378"]
[Annotator "NA"]
[PlyCount "132"]
[EventDate "2018.12.19"]
[EventType "swiss"]
[EventCountry "RUS"]
[SourceTitle "playchess.com"]
[Source "ChessBase"]
[SourceQuality "1"]

1. e4 d6 2. d4 Nf6 3. Nc3 e5 4. Nf3 exd4 5. Nxd4 Be7 6. Be2 O-O 7. O-O c6 8. f4 Nbd7 9. Bf3 Re8 10. Kh1 Nc5 11. Nde2 Bf8 12. Ng3 Qc7 13. b4 Ncd7 14. a3 a5 15. Bb2 Nb6 16. Be2 Be6 17. Nb1 Be7 18. bxa5 Nc4 19. Bc3 Ne3 20. Qc1 Nxf1 21. Qxf1 Bc8 22. Nd2 Nd7 23. Nh5 Bf8 24. Qf2 Kh8 25. Bc4 Nc5 26. Qg3 f6 27. e5 dxe5 28. fxe5 f5 29. Nf6 Be6 30. Nxe8 Rxe8 31. Bd3 Nxd3 32. cxd3 Qf7 33. Nf3 Bd5 34. Ng5 Qg6 35. Re1 h6 36. Nh3 Qxg3 37. hxg3 g5 38. g4 f4 39. Nf2 Kg8 40. Rb1 c5 41. Rb6 Bc6 42. Kg1 Ra8 43. Kf1 Be7 44. Ne4 Bd8 45. Rb1 Bxa5 46. Bb2 Bxe4 47. dxe4 b5 48. Ke2 Kf7 49. Rd1 Rd8 50. Rh1 c4 51. Rxh6 c3 52. Bc1 Rd4 53. Ra6 Bd8 54. Rc6 Rxe4+ 55. Kf3 Rxe5 56. Rxc3 Be7 57. Rc7 Ke6 58. Bd2 Rd5 59. Bc3 Bxa3 60. Rc6+ Rd6 61. Rc8 b4 62. Bg7 b3 63. Rb8 Rd3+ 64. Ke2 Re3+ 65. Kd2 Bd6 66. Bc3 Bxb8 0-1

[Event "FIDE World Blitz-ch Women 2018"]
[Site "St. Petersburg"]
[Date "2018.12.30"]
[Round "14.44"]
[White "Shaydullina, Sandugach"]
[Black "Atalik, Ekaterina"]
[Result "1/2-1/2"]
[WhiteElo "2033"]
[BlackElo "2447"]
[Annotator "TA"]
[PlyCount "106"]
[EventDate "2018.12.19"]
[EventType "swiss"]
[EventCountry "RUS"]
[SourceTitle "playchess.com"]
[Source "ChessBase"]
[SourceQuality "1"]

1. d4 Nf6 2. c4 g6 3. Nf3 d5 4. g3 Bg7 5. Bg2 O-O 6. O-O dxc4 7. Na3 c3 8. bxc3 c5 9. e3 Nc6 10. Bb2 Bf5 11. Qe2 Qa5 12. Nc4 Qa6 13. Rfe1 Rfd8 14. Bf1 Rac8 15. h3 cxd4 16. exd4 Be4 17. Ng5 Bd5 18. Ne3 Qxe2 19. Bxe2 h6 20. Nxd5 Nxd5 21. Nf3 Na5 22. Rac1 Nc4 23. Bxc4 Rxc4 24. Nd2 Ra4 25. a3 e6 26. c4 Nb6 27. Re4 Rc8 28. c5 Nd5 29. Nc4 Bf8 30. Re2 b6 31. Nd6 Bxd6 32. cxd6 Rxc1+ 33. Bxc1 Rxd4 34. Bxh6 Nf6 35. Bf4 Ne8 36. Rc2 Nxd6 37. Be5 Rd1+ 38. Kg2 Kf8 39. Rc7 Nb5 40. Rb7 Ke8 41. a4 Nd6 42. Rxa7 Ne4 43. Kf3 Nc5 44. Bf6 Rd3+ 45. Ke2 Ra3 46. Re7+ Kf8 47. Rc7 Ke8 48. Re7+ Kf8 49. Rc7 Ke8 50. Re7+ Kf8 51. Rc7 Ke8 52. Re7+ Kf8 53. Rc7 Ke8 1/2-1/2

[Event "FIDE World Blitz-ch Women 2018"]
[Site "St. Petersburg"]
[Date "2018.12.30"]
[Round "14.45"]
[White "Petrova, Irina"]
[Black "Khomeriki, Nino"]
[Result "1-0"]
[WhiteElo "2124"]
[BlackElo "2347"]
[Annotator "NA"]
[PlyCount "101"]
[EventDate "2018.12.19"]
[EventType "swiss"]
[EventCountry "RUS"]
[SourceTitle "playchess.com"]
[Source "ChessBase"]
[SourceQuality "1"]

1. d4 Nf6 2. Bg5 Ne4 3. Bf4 d5 4. f3 Nf6 5. Nc3 e6 6. e4 Bb4 7. e5 Nh5 8. Be3 Qh4+ 9. Bf2 Qe7 10. Qd2 g6 11. Bd3 c5 12. a3 Ba5 13. dxc5 Nc6 14. b4 Bc7 15. f4 Nxf4 16. Qxf4 Bxe5 17. Qd2 Qf6 18. Nge2 Nd4 19. Nxd4 O-O 20. Nde2 a5 21. O-O Bd7 22. Kh1 Qg7 23. Rab1 axb4 24. axb4 f5 25. Bb5 d4 26. Bxd4 Rad8 27. Bxe5 Qxe5 28. Bxd7 Rf7 29. Qd4 Qc7 30. Qc4 Rdxd7 31. Rbd1 Rde7 32. Rd6 Kf8 33. Rfd1 b6 34. Rd8+ Kg7 35. Qd4+ e5 36. Qd6 Qa7 37. Qxb6 Qa3 38. Qb8 f4 39. Rg8+ Kh6 40. Rf8 f3 41. gxf3 Qb2 42. Rxf7 Rxf7 43. Qxe5 Qxb4 44. Qe3+ Kg7 45. Qd4+ Qxd4 46. Rxd4 Rxf3 47. c6 Rf6 48. Rc4 Rf8 49. c7 Rc8 50. Nb5 Kf6 51. Nd6 1-0

[Event "FIDE World Blitz-ch Women 2018"]
[Site "St. Petersburg"]
[Date "2018.12.30"]
[Round "14.46"]
[White "Nguyen, Thi Mai Hung"]
[Black "Styazhkina, Anna"]
[Result "0-1"]
[WhiteElo "2280"]
[BlackElo "2274"]
[Annotator "NA"]
[PlyCount "72"]
[EventDate "2018.12.19"]
[EventType "swiss"]
[EventCountry "RUS"]
[SourceTitle "playchess.com"]
[Source "ChessBase"]
[SourceQuality "1"]

1. d4 d5 2. Bf4 Nf6 3. e3 c5 4. c3 Nc6 5. Nd2 e6 6. Ngf3 Nh5 7. Bg5 f6 8. Bh4 g6 9. Bd3 cxd4 10. cxd4 Be7 11. Rc1 O-O 12. g4 Ng7 13. h3 e5 14. Bb5 e4 15. Ng1 f5 16. Bxe7 Qxe7 17. gxf5 Nxf5 18. Ne2 Nxe3 19. Qb3 Ng2+ 20. Kd1 Qf7 21. Rh2 Qxf2 22. Qxd5+ Kh8 23. Qxe4 Ne3+ 24. Qxe3 Qxe3 25. Rc3 Qg5 26. Rg3 Qxb5 27. b3 Bf5 28. Nc4 Nxd4 29. Nxd4 Rad8 30. Rd2 Qc5 31. Nxf5 Rxd2+ 32. Kxd2 Qxf5 33. Re3 Rd8+ 34. Kc3 Qf6+ 35. Kb4 b6 36. Ka3 b5 0-1

[Event "FIDE World Blitz-ch Women 2018"]
[Site "St. Petersburg"]
[Date "2018.12.30"]
[Round "14.47"]
[White "Yurasova, Daria"]
[Black "Sudakova, Irina"]
[Result "0-1"]
[WhiteElo "2190"]
[BlackElo "2313"]
[Annotator "NA"]
[PlyCount "102"]
[EventDate "2018.12.19"]
[EventType "swiss"]
[EventCountry "RUS"]
[SourceTitle "playchess.com"]
[Source "ChessBase"]
[SourceQuality "1"]

1. d4 d5 2. Nf3 e6 3. g3 c5 4. Bg2 Nc6 5. O-O Nf6 6. c4 dxc4 7. dxc5 Qxd1 8. Rxd1 Bxc5 9. Nbd2 c3 10. bxc3 O-O 11. Nb3 Bb6 12. Ba3 Re8 13. Nfd4 Nxd4 14. Nxd4 e5 15. Nb5 Bg4 16. Nd6 Bxe2 17. Nxe8 Rxe8 18. Rd2 Ba6 19. h3 h5 20. Rad1 e4 21. Kh2 e3 22. fxe3 Rxe3 23. Bb4 Bc7 24. Bd6 Bxd6 25. Rxd6 Rxc3 26. Rd8+ Kh7 27. Rb8 Rc2 28. Kh1 Rxa2 29. Rdd8 b6 30. Ra8 Bc4 31. Rd4 b5 32. Rb8 a5 33. Bc6 Ra1+ 34. Kh2 Ra2+ 35. Kh1 Be6 36. Rxb5 Bxh3 37. Rf4 Bg4 38. Rc5 Be6 39. Ra4 Rxa4 40. Bxa4 Ne4 41. Rxh5+ Kg6 42. Rxa5 Nxg3+ 43. Kg2 Nf5 44. Bc2 Kg5 45. Kf3 Kf6 46. Kg2 g5 47. Ra4 Ke5 48. Ra5+ Kf4 49. Ra4+ Ke5 50. Ra5+ Kf6 51. Ra4 Ne3+ 0-1

[Event "FIDE World Blitz-ch Women 2018"]
[Site "St. Petersburg"]
[Date "2018.12.30"]
[Round "14.48"]
[White "Gromova, Iulia"]
[Black "Paramzina, Anastasya"]
[Result "1-0"]
[WhiteElo "2241"]
[BlackElo "2229"]
[Annotator "NA"]
[PlyCount "103"]
[EventDate "2018.12.19"]
[EventType "swiss"]
[EventCountry "RUS"]
[SourceTitle "playchess.com"]
[Source "ChessBase"]
[SourceQuality "1"]

1. d4 Nf6 2. c4 g6 3. f3 d5 4. cxd5 c6 5. dxc6 Nxc6 6. e3 e5 7. dxe5 Qa5+ 8. Nc3 Nxe5 9. Bd2 Qd8 10. Bb5+ Bd7 11. Qb3 a6 12. Bxd7+ Qxd7 13. Rd1 Bc5 14. Nge2 Nd3+ 15. Kf1 O-O 16. Na4 Rad8 17. Ba5 b6 18. Nxc5 bxc5 19. Bxd8 Rxd8 20. Nc1 c4 21. Qxc4 Nxb2 22. Rxd7 Rxd7 23. Qc8+ Kg7 24. Kf2 Rd2+ 25. Ne2 Nd3+ 26. Kg3 Rxe2 27. Rd1 Nh5+ 28. Kh4 Ne5 29. Qc3 f6 30. Rd2 Re1 31. g4 Nxf3+ 32. Kh3 Nxd2 33. Qxd2 Rg1 34. gxh5 g5 35. Qd7+ Kh6 36. Qf5 Kg7 37. Qf2 Rc1 38. Qd2 Rg1 39. Qf2 Rc1 40. Kg2 Kh6 41. Qxf6+ Kxh5 42. Qf3+ Kh6 43. Qf6+ Kh5 44. Qxa6 Rc2+ 45. Kf3 Rxh2 46. a4 g4+ 47. Kg3 Rh3+ 48. Kg2 Rf3 49. Qb5+ Kh4 50. Qe5 Rf7 51. Qe6 Rf3 52. Qh6# 1-0

[Event "FIDE World Blitz-ch Women 2018"]
[Site "St. Petersburg"]
[Date "2018.12.30"]
[Round "14.49"]
[White "Belenkaya, Dina"]
[Black "Borisova, Ekaterina"]
[Result "1-0"]
[WhiteElo "2338"]
[BlackElo "2244"]
[Annotator "NA"]
[PlyCount "149"]
[EventDate "2018.12.19"]
[EventType "swiss"]
[EventCountry "RUS"]
[SourceTitle "playchess.com"]
[Source "ChessBase"]
[SourceQuality "1"]

1. e4 c5 2. Nf3 d6 3. Bb5+ Bd7 4. Bxd7+ Qxd7 5. O-O Nf6 6. Qe2 Nc6 7. c3 e6 8. d4 cxd4 9. cxd4 d5 10. e5 Ne4 11. Be3 Be7 12. Ne1 f6 13. f3 Ng5 14. Nd3 fxe5 15. dxe5 O-O 16. Nd2 Rac8 17. Rac1 b6 18. a3 Rc7 19. b4 Nf7 20. f4 Nh6 21. Nb3 Rfc8 22. Kh1 Nf5 23. Bg1 a5 24. b5 Na7 25. a4 Rxc1 26. Ndxc1 Bc5 27. g4 Ne7 28. Nd4 Bxd4 29. Bxd4 Qc7 30. f5 Rf8 31. Qe3 Nac8 32. Qg5 h6 33. Qe3 exf5 34. Nd3 fxg4 35. Rxf8+ Kxf8 36. Qf4+ Kg8 37. Qxg4 Qc4 38. e6 Nf5 39. Qxf5 Qxd4 40. Nf2 Qf6 41. Qxd5 Ne7 42. Qd8+ Kh7 43. Qd3+ g6 44. Qe2 Kg7 45. Kg2 Qg5+ 46. Kf1 Qf6 47. Ke1 Qc3+ 48. Kf1 Qa1+ 49. Kg2 Qxa4 50. Qe5+ Kh7 51. Qf6 Qb4 52. Qf7+ Kh8 53. h3 Qd6 54. Qf6+ Kh7 55. Ne4 Qc7 56. Qf7+ Kh8 57. Qf8+ Ng8 58. Kf3 Qe7 59. Qf7 Qa3+ 60. Kf4 Qc1+ 61. Ke5 Qb2+ 62. Kf4 Qc1+ 63. Kf3 Qa3+ 64. Ke2 Qa2+ 65. Ke3 Qb3+ 66. Kf4 Qa2 67. Ke3 Qb3+ 68. Kf4 Qa2 69. Qd7 Qh2+ 70. Ke3 Qxh3+ 71. Kd4 Qg4 72. Kd5 Nf6+ 73. Nxf6 Qd1+ 74. Kc6 Qc2+ 75. Kb7 1-0

[Event "FIDE World Blitz-ch Women 2018"]
[Site "St. Petersburg"]
[Date "2018.12.30"]
[Round "14.50"]
[White "Afonasieva, Anna"]
[Black "Vasilevich, Irina"]
[Result "1/2-1/2"]
[WhiteElo "2207"]
[BlackElo "2258"]
[Annotator "NA"]
[PlyCount "53"]
[EventDate "2018.12.19"]
[EventType "swiss"]
[EventCountry "RUS"]
[SourceTitle "playchess.com"]
[Source "ChessBase"]
[SourceQuality "1"]

1. d4 e6 2. Nf3 b6 3. c4 Bb7 4. g3 Be7 5. Bg2 d6 6. O-O Nd7 7. Nc3 a6 8. e4 g5 9. Be3 h5 10. h3 h4 11. g4 e5 12. dxe5 Nxe5 13. Nxe5 dxe5 14. Qxd8+ Rxd8 15. Nd5 Bxd5 16. cxd5 f6 17. Rac1 Bd6 18. Bf3 Ne7 19. Be2 Ra8 20. Rc2 Kd7 21. Rfc1 Rhc8 22. Rc3 Ng6 23. a3 Kd8 24. Rc6 Ne7 25. R6c3 Ng6 26. Rc6 Ne7 27. R6c3 1/2-1/2

[Event "FIDE World Blitz-ch Women 2018"]
[Site "St. Petersburg"]
[Date "2018.12.30"]
[Round "14.51"]
[White "Geller, Anastasiya"]
[Black "Diakonova, Ekaterina"]
[Result "0-1"]
[WhiteElo "2187"]
[BlackElo "2225"]
[Annotator "NA"]
[PlyCount "118"]
[EventDate "2018.12.19"]
[EventType "swiss"]
[EventCountry "RUS"]
[SourceTitle "playchess.com"]
[Source "ChessBase"]
[SourceQuality "1"]

1. e4 c6 2. d4 d5 3. exd5 cxd5 4. c3 Nc6 5. Bf4 Nf6 6. h3 Bf5 7. Bd3 Bg6 8. Nf3 e6 9. O-O Bd6 10. Bxd6 Qxd6 11. Re1 O-O 12. Bxg6 hxg6 13. Nbd2 Qf4 14. Qe2 Rac8 15. g3 Qf5 16. Kg2 g5 17. Nf1 Ne4 18. Ne3 Qg6 19. Ng4 a6 20. a4 Rfe8 21. h4 gxh4 22. Nxh4 Qg5 23. f4 Qh5 24. Ne5 Qxe2+ 25. Rxe2 Na5 26. Nhf3 f6 27. Nd3 Nc4 28. Rh1 Kf7 29. Nf2 Ned6 30. Ng4 Nf5 31. Kf2 Rh8 32. Rxh8 Rxh8 33. b3 Na5 34. b4 Nc4 35. Nd2 Nfd6 36. Nxc4 Nxc4 37. Re1 Nb2 38. Kf3 Nxa4 39. Ne3 Nxc3 40. Rc1 Nb5 41. Ng2 Nxd4+ 42. Ke3 Nb5 43. Kf3 Ke7 44. Ne3 Kd6 45. Rd1 Nc3 46. Rd3 Nb5 47. f5 d4 48. Nc4+ Kd5 49. Nb6+ Kc6 50. Na4 e5 51. Nc5 Re8 52. Ne4 Kd5 53. Rd1 Rc8 54. Rh1 Nc3 55. Nd2 e4+ 56. Kf4 Ne2+ 57. Kg4 e3 58. Nf3 Ke4 59. Re1 d3 0-1

[Event "FIDE World Blitz-ch Women 2018"]
[Site "St. Petersburg"]
[Date "2018.12.30"]
[Round "14.52"]
[White "Goltseva, Ekaterina"]
[Black "Tomashevskaya, Lidia"]
[Result "1-0"]
[WhiteElo "2153"]
[BlackElo "2123"]
[Annotator "NA"]
[PlyCount "53"]
[EventDate "2018.12.19"]
[EventType "swiss"]
[EventCountry "RUS"]
[SourceTitle "playchess.com"]
[Source "ChessBase"]
[SourceQuality "1"]

1. d4 Nf6 2. c4 g6 3. Nc3 d5 4. cxd5 Nxd5 5. e4 Nxc3 6. bxc3 Bg7 7. Nf3 O-O 8. Be2 c5 9. Rb1 Nc6 10. d5 Bxc3+ 11. Bd2 Bxd2+ 12. Qxd2 Nb8 13. Qh6 f6 14. h4 Rf7 15. h5 g5 16. Nxg5 fxg5 17. Qxg5+ Rg7 18. Qe3 Qa5+ 19. Kf1 Qxa2 20. Rc1 Nd7 21. h6 Rg6 22. Bh5 Qa6+ 23. Kg1 Rxh6 24. Bf7+ Kxf7 25. Rxh6 Nf6 26. e5 Nxd5 27. Qf3+ 1-0

[Event "FIDE World Blitz-ch Women 2018"]
[Site "St. Petersburg"]
[Date "2018.12.30"]
[Round "14.53"]
[White "Kirchei, Viktoriia"]
[Black "Doan, Thi Van Anh"]
[Result "1-0"]
[WhiteElo "1972"]
[BlackElo "1950"]
[Annotator "NA"]
[PlyCount "121"]
[EventDate "2018.12.19"]
[EventType "swiss"]
[EventCountry "RUS"]
[SourceTitle "playchess.com"]
[Source "ChessBase"]
[SourceQuality "1"]

1. d3 d5 2. g3 Bf5 3. Bg2 e6 4. Nd2 h6 5. e3 Nf6 6. Ne2 c6 7. O-O Nbd7 8. h3 Bd6 9. Nb3 e5 10. f4 exf4 11. exf4 O-O 12. g4 Bg6 13. Be3 Re8 14. Bf2 Qc7 15. Bh4 Re3 16. Nbd4 Rae8 17. Bf2 R3e7 18. f5 Bh7 19. Re1 a6 20. Qd2 c5 21. Nf3 Ne5 22. Nxe5 Bxe5 23. d4 Bh2+ 24. Kh1 c4 25. Bh4 Ne4 26. Bxe4 Rxe4 27. Nc3 Bf4 28. Qg2 Qd6 29. Nxe4 dxe4 30. Rxe4 Rxe4 31. Qxe4 g5 32. Bf2 Kg7 33. Re1 Bg8 34. d5 b5 35. Bd4+ Kh7 36. Be5 Bxe5 37. Qxe5 Qb4 38. f6 Qd2 39. Qe2 Qb4 40. c3 Qd6 41. Qe4+ Kh8 42. Kg2 Qxf6 43. Qe5 Kg7 44. Qxf6+ Kxf6 45. Re8 Bh7 46. Kf3 a5 47. Ra8 b4 48. Rxa5 bxc3 49. bxc3 Ke5 50. Ra6 Bg6 51. d6 Ke6 52. Ke3 h5 53. Kd4 hxg4 54. hxg4 Bd3 55. Kc5 Be2 56. Kc6 Bf3+ 57. Kc7 Bxg4 58. d7+ Kf5 59. d8=Q Kf4 60. Qf6+ Bf5 61. Ra5 1-0

[Event "FIDE World Blitz-ch Women 2018"]
[Site "St. Petersburg"]
[Date "2018.12.30"]
[Round "14.55"]
[White "Bulatova, Kamaliya"]
[Black "Romanovskaya, Anna"]
[Result "1-0"]
[WhiteElo "2007"]
[BlackElo "2210"]
[Annotator "NA"]
[PlyCount "63"]
[EventDate "2018.12.19"]
[EventType "swiss"]
[EventCountry "RUS"]
[SourceTitle "playchess.com"]
[Source "ChessBase"]
[SourceQuality "1"]

1. d4 g6 2. Bf4 Bg7 3. Nc3 d6 4. e4 Nd7 5. Qd2 e5 6. Bg5 f6 7. Be3 Ne7 8. d5 O-O 9. O-O-O f5 10. f3 Nf6 11. h4 fxe4 12. fxe4 Ng4 13. Kb1 Nxe3 14. Qxe3 Bg4 15. Be2 Qd7 16. Nf3 Rf4 17. Qd3 Raf8 18. Ng5 Bxe2 19. Nxe2 Rf2 20. Ne6 R8f7 21. h5 c6 22. Nc3 cxd5 23. exd5 Nf5 24. Ne4 Rxg2 25. Qh3 Ne3 26. hxg6 h6 27. gxf7+ Qxf7 28. Qxe3 Rg4 29. Nxd6 Qg6 30. Rhg1 e4 31. Rxg4 Qxg4 32. Rg1 1-0

[Event "FIDE World Blitz-ch Women 2018"]
[Site "St. Petersburg"]
[Date "2018.12.30"]
[Round "14.56"]
[White "Molchanova, Tatjana"]
[Black "Dumcheva, Julia"]
[Result "0-1"]
[WhiteElo "2245"]
[BlackElo "2168"]
[Annotator "NA"]
[PlyCount "71"]
[EventDate "2018.12.19"]
[EventType "swiss"]
[EventCountry "RUS"]
[SourceTitle "playchess.com"]
[Source "ChessBase"]
[SourceQuality "1"]

1. e4 e6 2. d3 d5 3. Nd2 c5 4. g3 Nc6 5. Bg2 Nf6 6. Ngf3 Be7 7. O-O O-O 8. Re1 b6 9. h4 Bb7 10. e5 Nd7 11. Nf1 Qc7 12. Bf4 Rac8 13. N1h2 Nd4 14. Nxd4 cxd4 15. Re2 Qc5 16. Ng4 Qb4 17. Rb1 Rfe8 18. Rd2 Qa4 19. a3 b5 20. Nh2 b4 21. b3 Qxa3 22. h5 f6 23. exf6 Bxf6 24. Ra1 Qb2 25. Rxa7 Nc5 26. Ng4 Ra8 27. Nxf6+ gxf6 28. Qg4+ Kf7 29. h6 Rg8 30. Qh5+ Rg6 31. Rxa8 Bxa8 32. Bd6 Nxb3 33. Re2 Qc1+ 34. Bf1 Nd2 35. Bf4 Qxf1+ 36. Kh2 0-1

[Event "FIDE World Blitz-ch Women 2018"]
[Site "St. Petersburg"]
[Date "2018.12.30"]
[Round "14.57"]
[White "Makarenko, Alexandra"]
[Black "Smirnova, Ekaterina"]
[Result "0-1"]
[WhiteElo "2228"]
[BlackElo "2192"]
[Annotator "NA"]
[PlyCount "100"]
[EventDate "2018.12.19"]
[EventType "swiss"]
[EventCountry "RUS"]
[SourceTitle "playchess.com"]
[Source "ChessBase"]
[SourceQuality "1"]

1. e4 e6 2. d4 d5 3. Nc3 Bb4 4. e5 c5 5. a3 Bxc3+ 6. bxc3 Qc7 7. Qg4 f6 8. Bd2 Qf7 9. f4 Nc6 10. Bb5 Bd7 11. Ne2 c4 12. O-O f5 13. Qf3 Nge7 14. Bxc6 Bxc6 15. Kh1 O-O-O 16. Rfb1 h6 17. a4 Rdg8 18. a5 a6 19. Nc1 g5 20. Na2 Bb5 21. Qf1 Nc6 22. Rxb5 axb5 23. Qb1 Na7 24. Nb4 gxf4 25. Bxf4 Rg4 26. g3 Rhg8 27. a6 b6 28. Qe1 Qh5 29. Nc6 Nxc6 30. a7 Kb7 31. Qb1 Rxf4 32. a8=Q+ Rxa8 33. Rxa8 Qf3+ 34. Kg1 Qe3+ 35. Kh1 Qf3+ 36. Kg1 Qf2+ 37. Kh1 Re4 38. Ra1 Re2 39. Qg1 Qxg1+ 40. Kxg1 Rxc2 41. g4 fxg4 42. Rf1 Rxc3 43. Rf7+ Ka6 44. Rg7 h5 45. Rg5 Nxd4 46. Rxh5 b4 47. Kf2 b3 48. Rh8 b2 49. Ra8+ Kb7 50. Ra1 bxa1=Q 0-1

[Event "FIDE World Blitz-ch Women 2018"]
[Site "St. Petersburg"]
[Date "2018.12.30"]
[Round "14.58"]
[White "Sviridova, Vlada"]
[Black "Bogumil, Tatiana"]
[Result "1-0"]
[WhiteElo "2144"]
[BlackElo "2114"]
[Annotator "NA"]
[PlyCount "85"]
[EventDate "2018.12.19"]
[EventType "swiss"]
[EventCountry "RUS"]
[SourceTitle "playchess.com"]
[Source "ChessBase"]
[SourceQuality "1"]

1. d4 Nf6 2. c4 c5 3. d5 b5 4. cxb5 a6 5. bxa6 Bxa6 6. Nc3 d6 7. Nf3 g6 8. g3 Bg7 9. Bg2 O-O 10. O-O Nbd7 11. Rb1 Qa5 12. Bd2 Rfb8 13. Qc2 Bb7 14. e4 Ba6 15. Rfd1 Ng4 16. b3 Nge5 17. Nxe5 Nxe5 18. Be1 Qc7 19. a4 Ra7 20. h3 Rab7 21. f4 Nd7 22. Kh2 Rb6 23. Bf3 Qb7 24. Nb5 Bxb5 25. axb5 Rxb5 26. Rd3 h6 27. Bd1 Nf6 28. Rf3 Kh7 29. g4 Nd7 30. Bc3 Nf6 31. g5 Nh5 32. Bxg7 Kxg7 33. gxh6+ Kxh6 34. f5 g5 35. f6 Nxf6 36. h4 Rh8 37. Rh3 g4 38. Qd2+ Kg7 39. Qg5+ Kf8 40. Rc3 Nxe4 41. Qe3 Nxc3 42. Qxc3 Qxd5 43. Qxh8# 1-0